000 00668nam a2200217 a 4500
999 _c2842
_d2842
001 2842
003 BD-JhCC
005 20171107121358.0
008 171107s1976 bg |||| ||a| 000 0 bg d
035 _a(BD-JhCC)2842
040 _aBD-JhCC
_dBD-JhCC
041 _aben
082 _a891.4409
_bAZA 1976
100 _aআজাদ, আবুল কালাম
245 _aঅঙ্গবিহীন আলিঙ্গন /
_cআবুল কালাম আজাদ,
260 _aঢাকা :
_bমুক্তধারা প্রকাশন,
_c1976
300 _a135 p. :
_c20 cm.
650 _aCollection of Works
942 _2ddc
_cBK